| 000 | 01404cad a22002295a 4500 | ||
|---|---|---|---|
| 001 | L140603 | ||
| 008 | 071001s2007 xxk f 000 0 eng d | ||
| 035 | _a(Sirsi) u140603 | ||
| 041 | 0 | _aeng | |
| 050 | 0 | 4 | _a306.1 $2 18 |
| 110 | 2 | _aHousing Corporation | |
| 245 | 0 | 0 |
_aCascades _bimproving certainty in the delivery of affordable housing for large-scale development _h[electronic resource] |
| 260 |
_aLondon _bHousing Corporation _c2007 |
||
| 520 | _aAnalyses the extent to which the delivery of affordable housing can be increased using mechanisms such as cascades. The government aims to create a more responsive housing sector and to enable the planning system to increase affordable housing supply. Suggests that policy in the local plan or development framework should set the local authority requirements for affordable housing. Focuses on large scale developments. Makes recommendations on sets of circumstances in which the use of cascades is appropriate. Considers the features which might make up such cascades. | ||
| 590 | _aKA NTK | ||
| 651 | 4 |
_aEngland _y886- |
|
| 690 | _aPROPERTY-RESIDENTIAL PROPERTY-RESIDENTIAL PROPERTY DEVELOPMENT | ||
| 710 | 2 |
_aEnglish Partnerships _91764 |
|
| 710 | 2 |
_aAdvisory Team for Large Applications _95361 |
|
| 856 | 4 | 0 |
_uhttps://www.housingcorp.gov.uk/server/show/ConWebDoc.12126 _zView the item free of charge at www.housingcorp.gov.uk... |
| 942 | _n0 | ||
| 999 |
_c107519 _d107519 |
||